Short and tall / (Record no. 4375)

MARC details
000 -LEADER
fixed length control field 00898cam a2200277 i 4500
005 - DATE AND TIME OF LATEST TRANSACTION
control field 20240816102644.0
020 ## - INTERNATIONAL STANDARD BOOK NUMBER
International Standard Book Number 0307118274
040 ## - CATALOGING SOURCE
Original cataloging agency DLC
Transcribing agency DLC
Modifying agency DLC
Language of cataloging eng
050 00 - LIBRARY OF CONGRESS CALL NUMBER
Classification number PZ7.S327
082 00 - DEWEY DECIMAL CLASSIFICATION NUMBER
Classification number 428
100 1# - MAIN ENTRY--PERSONAL NAME
Personal name Scarry, Richard
245 10 - TITLE STATEMENT
Title Short and tall /
Statement of responsibility, etc. illustrations by Richard Scarry
260 ## - PUBLICATION, DISTRIBUTION, ETC.
Place of publication, distribution, etc. New York :
Name of publisher, distributor, etc. Golden Press,
Date of publication, distribution, etc. 1976
300 ## - PHYSICAL DESCRIPTION
Extent 24 unnumbered pages :
Other physical details color illustrations ;
Dimensions 22 cm.
490 0# - SERIES STATEMENT
Series statement A Golden look-look book
505 ## - FORMATTED CONTENTS NOTE
Formatted contents note K <br/>
520 ## - SUMMARY, ETC.
Summary, etc. Drawings of animals engaged in various activities illustrate antonyms of descriptive words such as cold and hot, colors, and shapes.
521 ## - TARGET AUDIENCE NOTE
Target audience note 510 <br/>
Source Lexile estimate <br/><br/>
521 ## - TARGET AUDIENCE NOTE
Target audience note K <br/>
Source Raz-Plus <br/>
650 #1 - SUBJECT ADDED ENTRY--TOPICAL TERM
Topical term or geographic name entry element English language
General subdivision Synonyms and antonyms
650 #1 - SUBJECT ADDED ENTRY--TOPICAL TERM
Topical term or geographic name entry element Shape
650 #1 - SUBJECT ADDED ENTRY--TOPICAL TERM
Topical term or geographic name entry element Color.
906 ## - LOCAL DATA ELEMENT F, LDF (RLIN)
a 7
b cbc
c orignew
d 2
e ocip
f 19
g y-gencatlg
942 ## - ADDED ENTRY ELEMENTS (KOHA)
Source of classification or shelving scheme Dewey Decimal Classification
Koha item type Books
Suppress in OPAC No
999 ## -
-- 4375
-- 4375
Holdings
Withdrawn status Lost status Source of classification or shelving scheme Damaged status Not for loan Collection Home library Current library Shelving location Date acquired Total Checkouts Full call number Barcode Date last seen Price effective from Koha item type
    Dewey Decimal Classification     Juvenile Fiction Footprints International School Library Network Toul Kork Campus Footprints International School Library Network Toul Kork Campus   08/16/2024   SCA 428 PZ7.S327 FISBK05325 08/16/2024 08/16/2024 Books